Machine Learning using Python (Record no. 11487)
[ view plain ]
| 000 -LEADER | |
|---|---|
| fixed length control field | 00400nam a22001697a 4500 |
| 003 - CONTROL NUMBER IDENTIFIER | |
| control field | OSt |
| 008 - FIXED-LENGTH DATA ELEMENTS--GENERAL INFORMATION | |
| fixed length control field | 220826b ||||| |||| 00| 0 eng d |
| 020 ## - INTERNATIONAL STANDARD BOOK NUMBER | |
| International Standard Book Number | 9788126579907 |
| 082 ## - DEWEY DECIMAL CLASSIFICATION NUMBER | |
| Classification number | 005.133 PRM |
| 100 ## - MAIN ENTRY--PERSONAL NAME | |
| Personal name | PRADHAN, Manaranjan |
| 245 ## - TITLE STATEMENT | |
| Title | Machine Learning using Python |
| 250 ## - EDITION STATEMENT | |
| Edition statement | Rep |
| 260 ## - PUBLICATION, DISTRIBUTION, ETC. (IMPRINT) | |
| Place of publication, distribution, etc | New Delhi |
| Name of publisher, distributor, etc | Wiley |
| Date of publication, distribution, etc | 2022 |
| 300 ## - PHYSICAL DESCRIPTION | |
| Extent | 343 |
| 700 ## - ADDED ENTRY--PERSONAL NAME | |
| Personal name | KUMAR,Dinesh |
| 942 ## - ADDED ENTRY ELEMENTS (KOHA) | |
| Source of classification or shelving scheme | Dewey Decimal Classification |
| Koha item type | Text Books |
| 942 ## - ADDED ENTRY ELEMENTS (KOHA) | |
| -- | 8 |
| Withdrawn status | Lost status | Source of classification or shelving scheme | Damaged status | Not for loan | Collection code | Home library | Current library | Date acquired | Source of acquisition | Currency | Cost, normal purchase price | Bill Number | Total Checkouts | Full call number | Acc. no. / Barcode | Date last seen | Actual Cost, discounted price | Bill Date | Koha item type | Date last borrowed | Checked out |
|---|---|---|---|---|---|---|---|---|---|---|---|---|---|---|---|---|---|---|---|---|---|
| Dewey Decimal Classification | B.Tech(IT) | PIET C-LIBRARY | PIET C-LIBRARY | 26/08/2022 | Kirti Prakashan | Indian Rup | 609.00 | IN810 | 005.133 PRM | 33826 | 26/08/2022 | 420.21 | 24/08/2022 | Text Books | |||||||
| Dewey Decimal Classification | B.Tech(IT) | PIET C-LIBRARY | PIET C-LIBRARY | 26/08/2022 | Kirti Prakashan | Indian Rup | 609.00 | IN810 | 4 | 005.133 PRM | 33827 | 06/03/2025 | 420.21 | 24/08/2022 | Text Books | 24/02/2025 | |||||
| Dewey Decimal Classification | B.Tech(IT) | PIET C-LIBRARY | PIET C-LIBRARY | 26/08/2022 | Kirti Prakashan | Indian Rup | 609.00 | IN810 | 005.133 PRM | 33828 | 26/08/2022 | 420.21 | 24/08/2022 | Text Books | |||||||
| Dewey Decimal Classification | B.Tech(IT) | PIET C-LIBRARY | PIET C-LIBRARY | 26/08/2022 | Kirti Prakashan | Indian Rup | 609.00 | IN810 | 005.133 PRM | 33829 | 26/08/2022 | 420.21 | 24/08/2022 | Text Books | |||||||
| Dewey Decimal Classification | B.Tech(IT) | PIET C-LIBRARY | PIET C-LIBRARY | 26/08/2022 | Kirti Prakashan | Indian Rup | 609.00 | IN810 | 3 | 005.133 PRM | 33830 | 20/01/2026 | 420.21 | 24/08/2022 | Text Books | 10/01/2026 | |||||
| Dewey Decimal Classification | B.Tech(IT) | PIET C-LIBRARY | PIET C-LIBRARY | 26/08/2022 | Kirti Prakashan | Indian Rup | 609.00 | IN810 | 2 | 005.133 PRM | 33831 | 03/02/2026 | 420.21 | 24/08/2022 | Text Books | 20/01/2026 | |||||
| Dewey Decimal Classification | B.Tech(IT) | PIET C-LIBRARY | PIET C-LIBRARY | 26/08/2022 | Kirti Prakashan | Indian Rup | 609.00 | IN810 | 3 | 005.133 PRM | 33832 | 23/12/2023 | 420.21 | 24/08/2022 | Text Books | 23/12/2023 | 20/06/2024 | ||||
| Dewey Decimal Classification | B.Tech(IT) | PIET C-LIBRARY | PIET C-LIBRARY | 26/08/2022 | Kirti Prakashan | Indian Rup | 609.00 | IN810 | 4 | 005.133 PRM | 33833 | 28/05/2025 | 420.21 | 24/08/2022 | Text Books | 21/02/2025 | |||||
| Dewey Decimal Classification | B.Tech(IT) | PIET C-LIBRARY | PIET C-LIBRARY | 26/08/2022 | Kirti Prakashan | Indian Rup | 609.00 | IN810 | 4 | 005.133 PRM | 33834 | 04/12/2023 | 420.21 | 24/08/2022 | Text Books | 30/11/2023 | |||||
| Dewey Decimal Classification | B.Tech(IT) | PIET C-LIBRARY | PIET C-LIBRARY | 26/08/2022 | Kirti Prakashan | Indian Rup | 609.00 | IN810 | 005.133 PRM | 33835 | 26/08/2022 | 420.21 | 24/08/2022 | Text Books |